| 000 | 01043nab a2200265 u 4500 | ||
|---|---|---|---|
| 001 | 13017 | ||
| 003 | HDC | ||
| 007 | cr bn ---aaaaa | ||
| 008 | 210201b20100521my ||||| |||| 00| 0 may d | ||
| 040 | _aHDC | ||
| 245 | 0 | _aPembiayaan Islam jadi pilihan PKS : terbukti mempunyai etika, takbir urus yang baik | |
| 260 |
_aKuala Lumpur : _bUtusan Melayu (M) Bhd., _c2010 |
||
| 300 | _a1 online resource | ||
| 336 |
_atext _2rdacontent |
||
| 337 |
_acomputer _2rdamedia |
||
| 338 |
_aonline resource _2rdacarrier |
||
| 650 |
_aIslamic finance _9181 |
||
| 650 |
_aSmall business _9208 |
||
| 710 |
_aUtusan Malaysia _eissung body |
||
| 856 | _zRequest full-text at [email protected] | ||
| 856 | _zRequest full-text at [email protected] | ||
| 942 | _2lcc | ||
| 942 | _cNEWS | ||
| 942 | _kNWSC 000049 | ||
| 999 |
_c10333 _d10333 |
||